| 000 -LEADER |
| fixed length control field |
00678nam a22001937a 4500 |
| 003 - CONTROL NUMBER IDENTIFIER |
| control field |
0 |
| 005 - DATE AND TIME OF LATEST TRANSACTION |
| control field |
20260211091043.0 |
| 008 - FIXED-LENGTH DATA ELEMENTS--GENERAL INFORMATION |
| fixed length control field |
251106b xxu||||| |||| 00| 0 eng d |
| 020 ## - INTERNATIONAL STANDARD BOOK NUMBER |
| International Standard Book Number |
978-0-06-326791-6 |
| 050 ## - LIBRARY OF CONGRESS CALL NUMBER |
| Classification number |
PS 3561.L285 |
| Item number |
.A339 S77 2021 |
| 100 ## - MAIN ENTRY--PERSONAL NAME |
| Personal name |
Albom, Mitch, |
| Relator term |
author. |
| 245 ## - TITLE STATEMENT |
| Title |
The stranger in the lifeboat : |
| Remainder of title |
a novel / |
| Statement of responsibility, etc |
Mitch Albom. |
| 260 ## - PUBLICATION, DISTRIBUTION, ETC. (IMPRINT) |
| Place of publication, distribution, etc |
New York : |
| Name of publisher, distributor, etc |
Harper, |
| Date of publication, distribution, etc |
2021. |
| 300 ## - PHYSICAL DESCRIPTION |
| Extent |
271 pages ; |
| Dimensions |
17 cm. |
| 520 ## - SUMMARY, ETC. |
| Summary, etc |
A group of shipwreck survivors pull a mysterious man from the water who claims to be God, leading to a spiritual and emotional reckoning. |
| 650 ## - SUBJECT ADDED ENTRY--TOPICAL TERM |
| Topical term or geographic name as entry element |
Shipwreck survival |
| Form subdivision |
Fiction. |
| 650 ## - SUBJECT ADDED ENTRY--TOPICAL TERM |
| Topical term or geographic name as entry element |
Faith |
| Form subdivision |
Fiction. |
| 942 ## - ADDED ENTRY ELEMENTS (KOHA) |
| Source of classification or shelving scheme |
|
| Koha item type |
Books |